1920s Song Titles Quiz - Statistics

General Stats
  • This quiz has been taken 114 times
  • The average score is 20 of 30
Answer Stats
Title Hint Answer % Correct
Ain't She _____? (5) What sugar or honey is Sweet
87%
The Best Things in Life are ____ (4) Cheap Free
82%
Three O'Clock in the _______ (7) Time of day Morning
82%
Singin' in the ____ (4) What a glorious feeling, I'm happy again Rain
82%
I Wanna Be Loved by ___ (3) (no hint) You
82%
Five Foot Two, Eyes of ____ (4) (no hint) Blue
79%
Puttin' On the ____ (4) Luxury hotel Ritz
79%
I'm Sitting on Top of the _____ (5) Earth World
79%
C_________ (9) Popular 1920s dance Charleston
77%
Sweet _______ Brown (7) A U.S. state or female first name Georgia
77%
Yes Sir, That's My ____ (4) Young child; lover Baby
74%
You're the Cream in My ______ (6) What can you add cream to? Coffee
74%
Are You ________ To-night? (8) Without a companion Lonesome
74%
Ain't M_________' (9) Being naughty, mischievous Misbehavin'
74%
Tiptoe Through the ______ (6) Plant with cup-shaped flowers Tulips
74%
_____ Days are Here Again (5) Later used as a campaign song for FDR Happy
72%
R_______ in Blue (7) Enthusiastic, ecstatic expression Rhapsody
72%
Spread a Little _________ (9) Cheerfulness, gaiety Happiness
69%
Life Is Just a Bowl of ________ (8) Small, round fruit Cherries
64%
My Blue ______ (6) Area of supreme bliss Heaven
62%
Painting the Clouds with ________ (8) Causes daylight, symbolises happiness Sunshine
62%
Show Me the Way to Go ____ (4) I'm tired and I want to go to bed Home
56%
Get Out and Get Under the ____ (4) Thing in the sky Moon
56%
Button Up Your ________ (8) Long, warm outergarment Overcoat
54%
The _____ of Araby (5) Arab leader Sheik
54%
I've Got a Feeling I'm _______ (7) What you do when you're in love or collapsing Falling
51%
Bye Bye _________ (9) Bluebird, bluebird, calling me far away Blackbird
44%
I'm a _______, Aren't We All (7) What you sometimes are when you sleep Dreamer
41%
There's a Rainbow 'Round My ________ (8) Body part Shoulder
36%
That's My ________ Now (8) Delicateness, frailty, soft spot Weakness
36%
No matching quizzes found
Score Distribution
Percent of People with Each Score
Percentile by Number Answered
Your Score History
You have not taken this quiz